000 02844nam a2200253 4500
003 NALT
005 20260302131003.0
008 260220b th ||||| |||| 00| 0 tha d
020 _a9789740475972
040 _aNALT
090 _aKT 63
_bส238ป 2560
100 0 _aสมชัย ฑีฆาอุตมากร
_928724
245 1 0 _aประมวลกฎหมายวิธีพิจารณาความแพ่ง ภาค 4 การบังคับคดีตามคำพิพากษาหรือคำสั่ง :
_b(ตามพระราชบัญญัติแก้ไขเพิ่มเติมประมวลกฎหมายวิธีพิจารณาความแพ่ง (ฉบับที่ 30) พ.ศ. 2560) /
_cสมชัย ฑีฆาอุตมากร.
260 _aกรุงเทพฯ :
_bกรุงสยาม พับลิชชิ่ง,
_c2560.
300 _a631 หน้า :
_bตาราง ;
_c24 ซม.
505 2 _aโครงสร้างของบทบัญญัติลักษณะ 2 การบังคับคดีตามคำพิพากษาหรือคำสั่ง -- ความทั่วไป -- ลักษณะ 2 การบังคับคดีตามคำพิพากษาหรือคำสั่ง -- หมวด 1 หลักทั่วไป -- หมวด 2 การบังคับคดีในกรณีที่เป็นหนี้เงิน -- หมวด 3 การบังคดีในกรณีที่ให้ส่งคืนหรือส่งมอบทรัพย์เฉพาะสิ่ง -- หมวด 4 การบังคับคดีในกรณีที่ให้ขับไล่ -- หมวด 5 การบังคับคดีในกรณีที่ให้กระทำการหรืองดเว้นกระทำการ -- หมวด 6 การบังคับคดีในกรณีได้มาซึ่งทรัพย์ที่มีทะเบียน -- หมวด 7 การบังคับคดีในกรณีที่ขอให้ศาลสั่งจับกุม และกักขังลูกหนี้ตามคำพิพากษา -- หมวด 8 การบังคับในกรณีมีการประกันในศาล.
650 4 _aวิธีพิจารณาความแพ่ง
_9756
650 4 _aวิธีพิจารณาความแพ่ง
_zไทย
_943802
942 _2local
_cLB
996 _ajidapa.t
_bACQSTF
_c2026-02-20
996 _avaree.k
_bLIBSTF
_c2026-02-23
996 _asaiphon.d
_bCATSTF
_c2026-02-24
999 _c107801
_d107801
998 _j104
_k นางสาวสายฝน ดีงาม